00604nam a2200157 a 4500001000500000005001700005008004100022050001700063100002000080245008400100260005100184300003000235520013300265650002300398650002500421211620140414131925.0001116s19uu xx 00 eng d aERbW75 1994 aUchida, Yoshiko aWise old woman (The) /cretold by Yoshiko Uchida; illustrated Martin Springett. aNew York :bMargaret K McElderly Books,c1994. a1 v. (unp.) : ill. ; cm. aAn old woman demonstrates the value of her age when she solves a warload's three riddles and saves her village from destruction. aFolklore -- Japan. aOld age -- Folklore.